[Event "ICS rated blitz match"]
[Site "204.178.125.65"]
[Date "2000.12.05"]
[Round "?"]
[White "Hossa"]
[Black "kaisser"]
[Result "1-0"]
[WhiteElo "2519"]
[BlackElo "1901"]
[PlyCount "23"]
[EventDate "2000.??.??"]

1. c4 e5 2. g3 d6 3. Bg2 f5 4. d4 e4 5. f3 Nf6 6. Nc3 Qe7 7. Bg5 Qf7 8. fxe4
Nxe4 9. Nxe4 fxe4 10. Qa4+ Bd7 11. Qc2 Bf5 12. Bxe4 {kaisser resigns} 1-0

[Event "ICS rated standard match"]
[Site "204.178.125.65"]
[Date "2000.12.05"]
[Round "?"]
[White "Hossa"]
[Black "BrazilianMaster"]
[Result "0-1"]
[WhiteElo "2305"]
[BlackElo "2634"]
[PlyCount "118"]
[EventDate "2000.??.??"]

1. e4 c5 2. c3 Qa5 3. Na3 e6 4. Nf3 d5 5. exd5 exd5 6. Bb5+ Bd7 7. Qe2+ Be7 8.
O-O Nc6 9. Bxc6 Bxc6 10. Ne5 Nf6 11. d3 Qb6 12. Bf4 Bd7 13. Nxd7 Kxd7 14. Be5
Rae8 15. Qf3 Qe6 16. Bxf6 Bxf6 17. Nb5 a6 18. Rae1 Qc6 19. Na3 Rxe1 20. Rxe1
Re8 21. Qf5+ Kc7 22. Rxe8 Qxe8 23. Kf1 Kd6 24. Qxh7 Qa4 25. Qh5 b5 26. c4 Ke7
27. g3 b4 28. Qxd5 bxa3 29. Qxc5+ Ke8 30. Qc8+ Bd8 31. b3 Qd7 32. Qxd7+ Kxd7
33. d4 Bb6 34. d5 Kd6 35. Ke2 Ke5 36. f4+ Ke4 37. Kd2 a5 38. Kc3 Bc5 39. Kc2 f5
40. Kc3 Kf3 41. d6 Bxd6 42. Kd4 Kg2 43. Kd5 Bb8 44. Ke6 Kxh2 45. Kxf5 Kxg3 46.
Kg6 Kxf4 47. Kxg7 Ke5 48. Kf7 Kd4 49. Ke6 Kc3 50. c5 Kb2 51. Kd5 Kxa2 52. Kc4
Kb2 53. Kb5 Kxb3 54. c6 a2 55. Kc5 a1=Q 56. Kb6 Qg1+ 57. Ka6 Kb4 58. Kb7 Qa7+
59. Kc8 Qc7# {Hossa checkmated} 0-1

[Event "ICS rated blitz match"]
[Site "204.178.125.65"]
[Date "2000.12.05"]
[Round "?"]
[White "kaisser"]
[Black "Hossa"]
[Result "0-1"]
[WhiteElo "1923"]
[BlackElo "2520"]
[PlyCount "66"]
[EventDate "2000.??.??"]

1. e4 e5 2. Nf3 Nc6 3. d4 exd4 4. Nxd4 Qh4 5. Nf3 Qxe4+ 6. Be2 Bb4+ 7. c3 Bc5
8. O-O Nge7 9. Bd3 Qg4 10. h3 Qh5 11. Qe2 O-O 12. b4 Bd6 13. Bg5 Ne5 14. Bxe7
Nxf3+ 15. gxf3 Re8 16. Kg2 Bxe7 17. Nd2 d5 18. Rh1 Qg5+ 19. Kf1 c6 20. h4 Qf6
21. Re1 Qxc3 22. f4 Qxb4 23. Qh5 g6 24. Qe2 Qxf4 25. Nf3 Bg4 26. Kg2 Bf8 27.
Qd1 Rxe1 28. Rxe1 Bh5 29. Re3 Bc5 30. Re1 Qg4+ 31. Kf1 Qh3+ 32. Kg1 Qg3+ 33.
Kf1 Qxf2# {kaisser checkmated} 0-1

[Event "ICS rated blitz match"]
[Site "204.178.125.65"]
[Date "2000.12.05"]
[Round "?"]
[White "Hossa"]
[Black "kaisser"]
[Result "1-0"]
[WhiteElo "2521"]
[BlackElo "1922"]
[PlyCount "117"]
[EventDate "2000.??.??"]

1. e4 e6 2. Nf3 b6 3. d4 Bb7 4. Bd3 Nf6 5. e5 Ne4 6. Qe2 d5 7. exd6 Nxd6 8. O-O
Be7 9. Bf4 O-O 10. Na3 Nd7 11. c3 Nf6 12. Nc2 Rc8 13. Ne5 c5 14. Rad1 Nd5 15.
Bd2 Qc7 16. dxc5 Qxc5 17. Nd7 Qc6 18. Nxf8 Nxc3 19. Qg4 Nxd1 20. Nb4 Qe8 21.
Nxe6 Bf6 22. Nxg7 Bxg7 23. Bh6 Qf8 24. Rxd1 a5 25. Be2 f5 26. Bxg7 Qxg7 27.
Qxg7+ Kxg7 28. Rxd6 axb4 29. Rd7+ Kf6 30. Rxb7 Rc1+ 31. Bf1 Ke5 32. f4+ Kxf4
33. Rxb6 Ra1 34. Rxb4+ Ke3 35. a3 Rb1 36. Rb3+ Kd2 37. Kf2 Kc2 38. Rb6 f4 39.
Bc4 h5 40. Bf7 h4 41. Bg6+ Kc1 42. Rc6+ Kxb2 43. Rb6+ Kxa3 44. Rxb1 Ka2 45. Kf3
h3 46. Rb2+ Kxb2 47. Bf5 hxg2 48. Kxg2 Kc3 49. Kf3 Kd4 50. Kxf4 Kc5 51. Ke5 Kc6
52. h4 Kc7 53. h5 Kc6 54. h6 Kc5 55. h7 Kc4 56. h8=Q Kc5 57. Qh4 Kc6 58. Qb4
Kc7 59. Qb5 {kaisser resigns} 1-0

[Event "ICS rated blitz match"]
[Site "204.178.125.65"]
[Date "2000.12.05"]
[Round "?"]
[White "AvernoX"]
[Black "Hossa"]
[Result "0-1"]
[WhiteElo "2342"]
[BlackElo "2522"]
[PlyCount "156"]
[EventDate "2000.??.??"]

1. e4 e5 2. Nf3 Nc6 3. Bb5 a6 4. Ba4 Nf6 5. O-O Be7 6. Re1 b5 7. Bb3 d6 8. c3
O-O 9. d4 Bg4 10. d5 Na5 11. Bc2 c6 12. h3 Bc8 13. dxc6 Qc7 14. Nbd2 Qxc6 15.
Nb3 Nxb3 16. Bxb3 a5 17. Bg5 Be6 18. Qd3 a4 19. Bxf6 Bxf6 20. Bd5 Bxd5 21. exd5
Qb7 22. h4 b4 23. Rab1 Rfc8 24. Ng5 Bxg5 25. hxg5 Qe7 26. cxb4 Qxg5 27. a3 f5
28. b3 axb3 29. Rxb3 Rc7 30. Qe3 Qxe3 31. Rexe3 Rac8 32. f3 Rc1+ 33. Kh2 R8c4
34. Red3 g5 35. f4 exf4 36. Rd2 g4 37. g3 R4c2 38. Rxc2 Rxc2+ 39. Kg1 fxg3 40.
b5 Kf7 41. Rxg3 Rc1+ 42. Kh2 Rb1 43. a4 Rb4 44. Rc3 Rxa4 45. Rc7+ Kf6 46. b6
Rb4 47. b7 h6 48. Kg3 Rb3+ 49. Kf2 Ke5 50. Rf7 f4 51. Rg7 Rb2+ 52. Ke1 g3 53.
Kd1 Kxd5 54. Ke1 Ke4 55. Kd1 Kf3 56. Kc1 Rb5 57. Kc2 g2 58. Kd3 Rxb7 59. Rxb7
g1=Q 60. Rb8 h5 61. Kc2 Ke2 62. Rb4 Qc5+ 63. Kb3 Qxb4+ 64. Kxb4 f3 65. Kc4 f2
66. Kd5 f1=Q 67. Ke6 Qf7+ 68. Kxf7 h4 69. Ke6 h3 70. Kd5 h2 71. Kxd6 Kf3 72.
Kd5 h1=Q 73. Kc6 Ke4 74. Kc7 Kd5 75. Kb6 Qh7 76. Kb5 Qb7+ 77. Ka4 Kc4 78. Ka3
Qb3# {AvernoX checkmated} 0-1

[Event "ICS Rated blitz match"]
[Site "204.178.125.65"]
[Date "2000.12.05"]
[Round "?"]
[White "IgorIvanov"]
[Black "Hossa"]
[Result "0-1"]
[WhiteElo "2247"]
[BlackElo "2530"]
[PlyCount "52"]
[EventDate "2000.??.??"]

1. e4 c5 2. Nf3 Nc6 3. d4 Nxd4 4. Nxd4 cxd4 5. Qxd4 e6 6. Nc3 Ne7 7. f4 Nc6 8.
Qf2 d5 9. Bd3 d4 10. Ne2 Bc5 11. a3 f5 12. Ng3 g6 13. h4 O-O 14. h5 gxh5 15.
Rxh5 Qa5+ 16. Bd2 Nb4 17. Ke2 Nxd3 18. cxd3 Qb6 19. b4 Be7 20. Rah1 Rf7 21.
Nxf5 exf5 22. Qg3+ Rg7 23. Qh2 Qg6 24. Kf2 fxe4 25. dxe4 Qxe4 26. Re5 Qc2 {
IgorIvanov resigns} 0-1

[Event "ICS rated standard match"]
[Site "204.178.125.65"]
[Date "2000.12.05"]
[Round "?"]
[White "ChesterX"]
[Black "Hossa"]
[Result "0-1"]
[WhiteElo "2323"]
[BlackElo "2301"]
[PlyCount "132"]
[EventDate "2000.??.??"]

1. e4 e5 2. Nf3 Nc6 3. Bb5 a6 4. Ba4 Nf6 5. O-O Be7 6. Re1 b5 7. Bb3 d6 8. a4
Bg4 9. c3 O-O 10. d3 Na5 11. Bc2 Qd7 12. h3 Bh5 13. d4 c5 14. d5 b4 15. b3 bxc3
16. Nxc3 Qc7 17. Rb1 Rfb8 18. Bd2 Ra7 19. g4 Bg6 20. Nh4 Nd7 21. Nxg6 hxg6 22.
g5 Rab7 23. Ne2 Rc8 24. h4 Rcb8 25. Bc3 Bd8 26. Nc1 Qc8 27. Rf1 Nf8 28. Kh2 Nc4
29. Bd3 Na3 30. Ra1 c4 31. Rxa3 cxd3 32. b4 Rc7 33. Na2 f6 34. f4 exf4 35. Rxf4
fxg5 36. hxg5 Bxg5 37. Rf2 Re7 38. Qxd3 Qg4 39. Re2 Rf7 40. Bd2 Bf6 41. Bc3 Bh4
42. Rg2 Rf2 43. Rxf2 Bxf2 44. Qf1 Qf3 45. Qg2 Qf4+ 46. Kh1 Qh4+ 47. Qh2 Qxe4+
48. Qg2 Qe2 49. b5 Qh5+ 50. Qh2 Qd1+ 51. Kg2 Bc5 52. Bb4 Bxb4 53. Nxb4 Qd2+ 54.
Kh3 Qxb4 55. Qa2 axb5 56. a5 Re8 57. Rf3 Re5 58. Qc2 Rh5+ 59. Kg2 Rxd5 60. Qb3
Qxb3 61. Rxb3 Ne6 62. Rb2 Rg5+ 63. Kf3 Rf5+ 64. Ke2 Rh5 65. Rd2 Rh2+ 66. Ke1
Rxd2 {ChesterX resigns} 0-1

[Event "ICS rated blitz match"]
[Site "204.178.125.65"]
[Date "2000.12.05"]
[Round "?"]
[White "Hossa"]
[Black "AvernoX"]
[Result "1-0"]
[WhiteElo "2535"]
[BlackElo "2342"]
[PlyCount "75"]
[EventDate "2000.??.??"]

1. e4 c5 2. Nf3 Nc6 3. d4 cxd4 4. Nxd4 d6 5. Be3 e5 6. Nb5 a6 7. N5c3 Nf6 8.
Bc4 Ng4 9. Bc1 f5 10. f3 Nf6 11. O-O fxe4 12. fxe4 b5 13. Bb3 Nd4 14. Qd3 Be7
15. Bd5 Be6 16. Be3 Bxd5 17. Nxd5 O-O 18. Nbc3 Rc8 19. Bxd4 Nxd5 20. Rxf8+ Bxf8
21. Nxd5 exd4 22. Rf1 Qa5 23. Qf3 h6 24. Qf7+ Kh8 25. Nf4 b4 26. Ng6+ Kh7 27.
Nxf8+ Rxf8 28. Qxf8 Qe5 29. Qf5+ Qxf5 30. Rxf5 d3 31. cxd3 h5 32. Rxh5+ Kg6 33.
Rd5 b3 34. Rxd6+ Kg5 35. Rd5+ Kf4 36. Kf2 bxa2 37. h3 a5 38. g3# {
AvernoX checkmated} 1-0

[Event "ICS rated blitz match"]
[Site "204.178.125.65"]
[Date "2000.12.06"]
[Round "?"]
[White "Hossa"]
[Black "ChesterX"]
[Result "0-1"]
[WhiteElo "2541"]
[BlackElo "2612"]
[PlyCount "134"]
[EventDate "2000.??.??"]

1. e4 c5 2. Nf3 e6 3. d4 cxd4 4. Nxd4 Nf6 5. Nc3 Nc6 6. Ndb5 d6 7. Bf4 e5 8.
Bg5 a6 9. Na3 b5 10. Bxf6 gxf6 11. Nd5 f5 12. Bd3 Be6 13. Qh5 f4 14. O-O-O Be7
15. Nb1 Bxd5 16. exd5 Nb4 17. Nc3 Nxd3+ 18. Rxd3 b4 19. Ne4 Qa5 20. Kb1 Qa4 21.
Qf5 Qd7 22. Nf6+ Bxf6 23. Qxf6 Rg8 24. g3 Qe7 25. Qf5 Rg6 26. gxf4 Rf6 27. Qxh7
Rxf4 28. Rd2 O-O-O 29. Qd3 Qa7 30. Rf1 Kb7 31. Qg3 Rh8 32. h3 Qc5 33. Rh1 Rh6
34. Qg5 Rhf6 35. Rh2 Qe3 36. Rd1 Qe2 37. Rc1 Qd2 38. Rf1 Qxd5 39. Qg3 Qe4 40.
Qd3 Qxd3 41. cxd3 Rh4 42. Rfh1 Kc6 43. Kc2 Rf3 44. Kd2 Rd4 45. Ke2 Rfxd3 46.
Rb1 Rd2+ 47. Kf3 d5 48. Kg3 R4d3+ 49. Kg2 e4 50. Rhh1 e3 51. Rhf1 Kd6 52. h4 e2
53. Rfe1 Rd1 54. Rxe2 Rxb1 55. b3 Rd4 56. Re8 Rxh4 57. Ra8 f5 58. Rxa6+ Ke5 59.
Rg6 Kf4 60. Rg3 Rg4 61. Kh3 d4 62. Kg2 d3 63. a4 d2 64. Rxg4+ fxg4 65. f3 gxf3+
66. Kh2 d1=R 67. Kh3 Rh1# {Hossa checkmated} 0-1

[Event "ICS rated blitz match"]
[Site "204.178.125.65"]
[Date "2000.12.06"]
[Round "?"]
[White "mainboard"]
[Black "Hossa"]
[Result "0-1"]
[WhiteElo "1968"]
[BlackElo "2525"]
[PlyCount "80"]
[EventDate "2000.??.??"]

1. e4 c5 2. Nf3 d6 3. Nc3 Nf6 4. Bc4 e6 5. d3 Nc6 6. O-O Be7 7. d4 cxd4 8. Nxd4
O-O 9. a3 d5 10. exd5 exd5 11. Be2 Bd6 12. h3 Re8 13. Bf3 Nxd4 14. Qxd4 Be5 15.
Qd3 d4 16. Ne2 Qd6 17. Bd2 Qb6 18. Rab1 Be6 19. Rfe1 Rac8 20. b3 Qc5 21. Rbc1
Bf5 22. Qxf5 Bh2+ 23. Kxh2 Qxf5 24. Nxd4 Qc5 25. Be3 Re7 26. a4 Qb4 27. Red1 a6
28. Nf5 Re6 29. Nd4 Re5 30. Ne2 Qe7 31. Rd3 b6 32. Ng3 Re6 33. Bd4 h5 34. Nf5
Qc7+ 35. Kh1 Qf4 36. Ne3 h4 37. c3 a5 38. Rc2 Rce8 39. Re2 Ne4 40. Nd5 Nxf2+ {
mainboard resigns} 0-1

[Event "ICS rated standard match"]
[Site "204.178.125.65"]
[Date "2000.12.06"]
[Round "?"]
[White "nitmo"]
[Black "Hossa"]
[Result "0-1"]
[WhiteElo "1943"]
[BlackElo "2321"]
[PlyCount "49"]
[EventDate "2000.??.??"]

1. e4 c6 2. d4 d5 3. e5 c5 4. c3 e6 5. Bd3 cxd4 6. cxd4 Nc6 7. Ne2 f6 8. f4 Nh6
9. O-O Bd7 10. Kh1 Nb4 11. Nbc3 Nxd3 12. Qxd3 Be7 13. Qh3 Qb6 14. Qh5+ Kd8 15.
Rf3 Rb8 16. g4 f5 17. g5 Be8 18. Qh4 Kc7 19. h3 Rc8 20. a4 Nf7 21. Nb5+ Kb8 22.
Nec3 a6 23. a5 Qd8 24. Na3 h6 25. g6 {nitmo resigns} 0-1

[Event "ICS rated blitz match"]
[Site "204.178.125.65"]
[Date "2000.12.06"]
[Round "?"]
[White "VYCMATER"]
[Black "Hossa"]
[Result "0-1"]
[WhiteElo "2294"]
[BlackElo "2526"]
[PlyCount "102"]
[EventDate "2000.??.??"]

1. e4 c5 2. Nf3 e6 3. d4 cxd4 4. Nxd4 Nf6 5. Nc3 Nc6 6. a3 d5 7. Bb5 Bd7 8.
Bxc6 bxc6 9. e5 c5 10. exf6 cxd4 11. Qxd4 Qxf6 12. Qxf6 gxf6 13. Ke2 Rg8 14.
Rg1 Rb8 15. h3 Bc6 16. Nd1 d4 17. g3 Be4 18. c3 d3+ 19. Kd2 Rb3 20. Ne3 Kd7 21.
Ng4 Be7 22. Re1 Bg6 23. f4 h5 24. Nf2 Bh7 25. Nxd3 Rxg3 26. Re3 Rg2+ 27. Re2
Rxe2+ 28. Kxe2 Bf5 29. Be3 a5 30. Bd4 Bxd3+ 31. Kxd3 Rxb2 32. Rg1 Rh2 33. Rg3
f5 34. a4 Bd6 35. Be5 Bxe5 36. fxe5 Ra2 37. Rg5 Rxa4 38. Rxh5 Re4 39. c4 Rxe5
40. Rh7 Ke7 41. h4 f4 42. Rg7 f3 43. Rg1 f2 44. Rf1 Rf5 45. Ke3 a4 46. c5 a3
47. c6 Kd6 48. c7 Kxc7 49. Ke2 a2 50. h5 Re5+ 51. Kd2 f6 {VYCMATER resigns} 0-1

[Event "ICS rated blitz match"]
[Site "204.178.125.65"]
[Date "2000.12.06"]
[Round "?"]
[White "Hossa"]
[Black "kaisser"]
[Result "1-0"]
[WhiteElo "2533"]
[BlackElo "1925"]
[PlyCount "127"]
[EventDate "2000.??.??"]

1. e4 c5 2. Nf3 d6 3. Bb5+ Bd7 4. Bxd7+ Qxd7 5. c4 Nc6 6. d4 cxd4 7. Nxd4 g6 8.
Nxc6 Qxc6 9. Qd4 e5 10. Qd3 Bg7 11. O-O Ne7 12. Rd1 Rd8 13. Bg5 f6 14. Be3 b6
15. Nc3 O-O 16. Nb5 Nc8 17. Qd5+ Qxd5 18. Rxd5 Rf7 19. Rad1 Rfd7 20. R5d2 Bf8
21. f3 Kf7 22. h3 Ke6 23. g3 Kf7 24. Kg2 Ke6 25. h4 Kf7 26. g4 Ke6 27. Nc3 h6
28. b3 Kf7 29. h5 g5 30. a3 Ke6 31. Nb5 Kf7 32. Kh2 Ke6 33. Nc3 Be7 34. Kh3 Bf8
35. Kg3 Be7 36. Rd5 Bf8 37. R5d3 Be7 38. Nd5 Bf8 39. R3d2 Kf7 40. b4 Ke6 41. a4
Be7 42. Ra2 Bf8 43. a5 Rb7 44. axb6 axb6 45. Ra8 Be7 46. Ra6 b5 47. cxb5 Rxb5
48. Nc7+ Kf7 49. Nxb5 d5 50. Rxd5 Rxd5 51. exd5 Bxb4 52. d6 Ke8 53. d7+ Kxd7
54. Rxf6 Ne7 55. Rxh6 Nd5 56. Bxg5 Be1+ 57. Kg2 e4 58. Rd6+ Kc8 59. h6 exf3+
60. Kxf3 Nc7 61. Rc6 Kd7 62. Rxc7+ Ke6 63. Ke4 Ba5 64. Re7# {kaisser checkmated
} 1-0

[Event "ICS rated blitz match"]
[Site "204.178.125.65"]
[Date "2000.12.06"]
[Round "?"]
[White "Hossa"]
[Black "SpitFire"]
[Result "0-1"]
[WhiteElo "2534"]
[BlackElo "2773"]
[PlyCount "100"]
[EventDate "2000.??.??"]

1. e4 d5 2. exd5 Qxd5 3. Nc3 Qd6 4. Nf3 Nf6 5. Be2 Nc6 6. O-O Bf5 7. d3 h6 8.
Nb5 Qd7 9. Bf4 e5 10. Nxe5 Nxe5 11. d4 c6 12. Re1 Ng6 13. Nc7+ Kd8 14. Nxa8
Nxf4 15. a4 Kc8 16. a5 Kb8 17. Nb6 axb6 18. axb6 Qd8 19. Bc4 N4d5 20. Bxd5 Nxd5
21. c3 Be6 22. Qa4 Qxb6 23. Qa8+ Kc7 24. Re2 g5 25. Rd2 Bg7 26. Qa4 Nf4 27. Qc2
Kd7 28. b4 Ke7 29. Rdd1 Re8 30. Re1 Kf8 31. Re3 Qd8 32. Rae1 Qd5 33. f3 Ra8 34.
g3 Ra2 35. Qb1 Ng2 36. Rxe6 fxe6 37. Re4 Qc4 38. h3 Ke7 39. h4 Rd2 40. Qf1 Qxc3
41. Re2 Ne3 42. Qf2 Rd1+ 43. Kh2 Bxd4 44. hxg5 Nf1+ 45. Kg2 Bxf2 46. gxh6 Ne3+
47. Rxe3 Qxe3 48. Kh3 Qxh6+ 49. Kg2 Be3 50. f4 Qh1# {Hossa checkmated} 0-1

[Event "ICS rated blitz match"]
[Site "204.178.125.65"]
[Date "2000.12.06"]
[Round "?"]
[White "SpitFire"]
[Black "Hossa"]
[Result "1-0"]
[WhiteElo "2779"]
[BlackElo "2528"]
[PlyCount "219"]
[EventDate "2000.??.??"]

1. e4 d5 2. exd5 Qxd5 3. Nc3 Qd6 4. Nf3 Nf6 5. Bc4 Nc6 6. d3 Bg4 7. h3 Bxf3 8.
Qxf3 e6 9. O-O O-O-O 10. Nb5 Qd7 11. Bf4 Bd6 12. Nxd6+ cxd6 13. Qe3 h6 14. c3
Kb8 15. b4 Ne7 16. Bh2 Qa4 17. Qd2 Ng6 18. Kh1 Rhf8 19. Bb3 Qc6 20. a4 e5 21.
c4 Nh4 22. Rg1 Nf5 23. a5 Nd4 24. Ba4 Qc7 25. Rgc1 Rc8 26. c5 Nd5 27. Rc4 Ne6
28. d4 Rcd8 29. Qe2 Rc8 30. Qf3 Ndf4 31. d5 Ng5 32. Qd1 f5 33. Kg1 Ne4 34. a6
b6 35. Bc2 b5 36. Rxe4 fxe4 37. Ra5 Ka8 38. Bxe4 Rb8 39. c6 g5 40. Kf1 Qf7 41.
Bxf4 exf4 42. Qd4 Qe7 43. f3 Rb6 44. Bg6 Rg8 45. Qc3 Qe3 46. Qxe3 fxe3 47. Be4
Kb8 48. Ke2 Kc7 49. Kxe3 Rf8 50. Kd4 h5 51. Ke3 Rbb8 52. Kd3 Rb6 53. Kd4 Re8
54. Ke3 h4 55. Kd4 Rbb8 56. Ra1 Re5 57. Bd3 Re7 58. Kc3 Re5 59. Be4 Rbe8 60.
Ra5 Rb8 61. Kd3 Re7 62. Ke3 Re5 63. Ra3 Ree8 64. Ra1 Re7 65. Kd3 Re5 66. Ra3
Rbe8 67. Ra5 Rb8 68. Kc3 Re7 69. Ra1 Rbe8 70. Kd4 Rg8 71. Ra2 Rge8 72. Ra5 Rb8
73. Ra3 Rf8 74. Kc3 Rb8 75. Ra2 Rbe8 76. Kd4 Rc8 77. Bd3 Re1 78. Bxb5 Rb8 79.
Bd3 Rxb4+ 80. Kc3 Rb8 81. Rc2 Rbb1 82. Kd4 Rb4+ 83. Bc4 Kb6 84. Kd3 Rbb1 85.
Ra2 Rbd1+ 86. Kc3 Re3+ 87. Kc2 Rde1 88. Bd3 Re7 89. Rb2+ Kc5 90. Rb7 Re8 91. c7
Rh8 92. Be4 Re2+ 93. Kd3 Rxe4 94. fxe4 Rc8 95. Kc3 g4 96. hxg4 h3 97. gxh3 Rf8
98. Rb8 Rf3+ 99. Kd2 Kd4 100. c8=Q Rf2+ 101. Ke1 Rh2 102. Rb4+ Kd3 103. Qc4+
Ke3 104. Qc3+ Kf4 105. Qf6+ Ke3 106. Rb3+ Kxe4 107. Rb4+ Kxd5 108. Qf7+ Kc6
109. Qb7+ Kc5 110. Qb5# {Hossa checkmated} 1-0

[Event "ICS rated blitz match"]
[Site "204.178.125.65"]
[Date "2000.12.06"]
[Round "?"]
[White "Hossa"]
[Black "missevening"]
[Result "1-0"]
[WhiteElo "2522"]
[BlackElo "2000"]
[PlyCount "29"]
[EventDate "2000.??.??"]

1. e4 e6 2. Nf3 d5 3. e5 c5 4. d4 Nc6 5. dxc5 Bxc5 6. Nc3 Qc7 7. Nb5 Qa5+ 8. c3
Nge7 9. b4 Nxb4 10. cxb4 Qxb4+ 11. Bd2 Qe4+ 12. Be2 O-O 13. Rc1 Bb6 14. Nd6 Bd7
15. Nxe4 {missevening resigns} 1-0

[Event "ICS rated standard match"]
[Site "204.178.125.65"]
[Date "2000.12.06"]
[Round "?"]
[White "easypickings"]
[Black "Hossa"]
[Result "0-1"]
[WhiteElo "2166"]
[BlackElo "2324"]
[PlyCount "71"]
[EventDate "2000.??.??"]

1. e4 c5 2. Nf3 e6 3. d4 cxd4 4. Nxd4 Nf6 5. Nc3 Nc6 6. Be2 Bb4 7. f3 d5 8.
Nxc6 bxc6 9. exd5 Nxd5 10. Bd2 O-O 11. O-O Qb6+ 12. Kh1 Nxc3 13. bxc3 Bd6 14.
Bd3 Qc5 15. f4 Rd8 16. Qe2 Bc7 17. Rf3 Rb8 18. Rh3 g6 19. Re1 Rb2 20. f5 Rxa2
21. Bg5 Rd5 22. Bc4 Rxf5 23. Be3 Rxc2 24. Qd3 Re5 25. Qxc2 Qxc4 26. Rd1 a5 27.
Bd4 Re2 28. Qd3 Ba6 29. Qxc4 Bxc4 30. Bf6 Bd5 31. Rg1 e5 32. c4 Bxc4 33. Rg3
Bd5 34. h4 Rf2 35. Bg5 f5 36. Rb1 {easypickings resigns} 0-1

[Event "ICS rated standard match"]
[Site "204.178.125.65"]
[Date "2000.12.06"]
[Round "?"]
[White "J-DEFENSE"]
[Black "Hossa"]
[Result "0-1"]
[WhiteElo "1909"]
[BlackElo "2342"]
[PlyCount "68"]
[EventDate "2000.??.??"]

1. e4 c5 2. d4 Nf6 3. e5 Ne4 4. Bd3 Qa5+ 5. Nd2 Nxd2 6. Bxd2 Qb6 7. Ne2 cxd4 8.
b3 Nc6 9. f4 d6 10. exd6 e6 11. O-O Bxd6 12. Kh1 O-O 13. Ng3 Nb4 14. Bc4 Nd5
15. Ne4 Ba3 16. Qh5 Ne3 17. Bxe3 dxe3 18. Bd3 f5 19. Ng5 h6 20. Rf3 hxg5 21.
Rh3 gxf4 22. Bc4 Qc5 23. Rf1 b5 24. Qh8+ Kf7 25. Qh5+ g6 26. Qh7+ Kf6 27. Qh4+
g5 28. Qh6+ Ke5 29. Qxg5 bxc4 30. Qxf4+ Kf6 31. Rh6+ Ke7 32. Qg5+ Kd7 33. Rd1+
Kc6 34. Rxe6+ Bxe6 {J-DEFENSE resigns} 0-1

[Event "ICS rated standard match"]
[Site "204.178.125.65"]
[Date "2000.12.06"]
[Round "?"]
[White "Hossa"]
[Black "J-DEFENSE"]
[Result "1-0"]
[WhiteElo "2344"]
[BlackElo "1907"]
[PlyCount "57"]
[EventDate "2000.??.??"]

1. e4 e6 2. Nf3 d6 3. d4 Nd7 4. Bd3 Be7 5. O-O b6 6. c4 Bb7 7. Nc3 a6 8. Re1 c6
9. e5 d5 10. cxd5 cxd5 11. Be3 h6 12. Rc1 g5 13. a3 g4 14. Nd2 h5 15. Nf1 Bg5
16. Bxg5 Qxg5 17. Na2 Qd8 18. Qd2 h4 19. Qf4 g3 20. fxg3 hxg3 21. Nxg3 b5 22.
Rf1 Qh4 23. Qxf7+ Kd8 24. Rf4 Qxh2+ 25. Kf2 Nh6 26. Qxe6 Rg8 27. Bg6 Nf7 28.
Rxf7 Bc8 29. Qe7# {J-DEFENSE checkmated} 1-0

[Event "ICS rated standard match"]
[Site "204.178.125.65"]
[Date "2000.12.06"]
[Round "?"]
[White "Hossa"]
[Black "chesskeats"]
[Result "1-0"]
[WhiteElo "2353"]
[BlackElo "2093"]
[PlyCount "51"]
[EventDate "2000.??.??"]

1. e4 c5 2. Nf3 Nc6 3. d4 cxd4 4. Nxd4 Nf6 5. Nc3 d6 6. Bg5 e6 7. Qd2 Be7 8.
O-O-O O-O 9. Nb3 a6 10. Kb1 Qc7 11. Bxf6 gxf6 12. Qh6 Kh8 13. Rd3 Rg8 14. Rh3
Rg7 15. f4 b5 16. g4 b4 17. Ne2 d5 18. Bg2 Na5 19. exd5 Nxb3 20. d6 Nd2+ 21.
Kc1 Bxd6 22. Bxa8 b3 23. axb3 Nxb3+ 24. Rxb3 Qa7 25. Be4 Qf2 26. Kd1 {
chesskeats resigns} 1-0

[Event "ICS rated blitz match"]
[Site "204.178.125.65"]
[Date "2000.12.06"]
[Round "?"]
[White "diep"]
[Black "Hossa"]
[Result "1-0"]
[WhiteElo "2710"]
[BlackElo "2524"]
[PlyCount "99"]
[EventDate "2000.??.??"]

1. d4 d5 2. c4 e6 3. Nc3 c5 4. cxd5 exd5 5. Nf3 Nc6 6. g3 Nf6 7. Bg2 Be7 8. O-O
Be6 9. dxc5 Bxc5 10. Na4 Bb4 11. Nd4 O-O 12. Bg5 h6 13. Be3 Qc8 14. Rc1 Bh3 15.
a3 Bxg2 16. Kxg2 Bd6 17. Nxc6 bxc6 18. Qc2 Qe6 19. Qxc6 Rac8 20. Qa6 Rxc1 21.
Bxc1 Rd8 22. Re1 d4 23. b4 Qd5+ 24. f3 Ra8 25. Rd1 Be5 26. Nc5 Ne8 27. e4 Qa2+
28. Rd2 Qa1 29. Bb2 Qb1 30. Nd3 Bf6 31. Qb7 Rd8 32. e5 Bg5 33. f4 Bf6 34. exf6
Nxf6 35. Ne5 Kh7 36. Qxf7 a6 37. Qc7 Ne4 38. Re2 Rd6 39. a4 h5 40. Qc8 Nf6 41.
Nf7 Qd1 42. Re7 Qd2+ 43. Kh3 Rd8 44. Qf5+ Kg8 45. Nh6+ Kh8 46. Qg6 Ne8 47. Nf5
Qg2+ 48. Kxg2 Kg8 49. Rxe8+ Rxe8 50. Qxg7# {Hossa checkmated} 1-0

[Event "ICS rated blitz match"]
[Site "204.178.125.65"]
[Date "2000.12.06"]
[Round "?"]
[White "Hossa"]
[Black "Colorado"]
[Result "0-1"]
[WhiteElo "2516"]
[BlackElo "2757"]
[PlyCount "204"]
[EventDate "2000.??.??"]

1. e4 d5 2. exd5 Qxd5 3. Nc3 Qa5 4. d4 Nf6 5. Nf3 Bg4 6. h3 Bxf3 7. Qxf3 c6 8.
Bc4 e6 9. O-O Be7 10. Ne4 O-O 11. Nxf6+ Bxf6 12. Qe4 Qf5 13. Qxf5 exf5 14. c3
Nd7 15. Bd3 g6 16. Bf4 Rfe8 17. Rae1 Nb6 18. Kh2 Nd5 19. Bh6 b5 20. g3 a5 21.
Kg2 Rad8 22. a3 Rc8 23. Kf3 Be7 24. Bc2 Rcd8 25. Bb3 a4 26. Bc2 Bf6 27. Bd3 Bg7
28. Bg5 f6 29. Bd2 Kf7 30. h4 Ne7 31. Re2 Nd5 32. Rfe1 Bf8 33. Bc2 Nb6 34. Bb1
Rxe2 35. Rxe2 c5 36. Ba2+ Nc4 37. Be3 cxd4 38. cxd4 Bd6 39. Rc2 Rc8 40. Ke2 Ke6
41. Kd3 Kd5 42. Bd2 h5 43. Rc1 Rc6 44. Re1 Rc8 45. Be3 Re8 46. Rc1 Rc8 47. Bh6
Rc6 48. Re1 Rc7 49. Re8 Kc6 50. Bxc4 bxc4+ 51. Kc3 Rb7 52. Bf8 Kd5 53. Rd8 Rb3+
54. Kc2 Rb6 55. Bh6 Ke4 56. Re8+ Kf3 57. Be3 Rb3 58. Re6 Bc7 59. Kc1 c3 60.
bxc3 Rxc3+ 61. Kb2 Rb3+ 62. Ka2 Ba5 63. d5 Rb5 64. Rxf6 Bc3 65. Rc6 Rb2+ 66.
Ka1 Bh8 67. Bf4 Ke4 68. Rd6 Bc3 69. f3+ Kxf3 70. Re6 Bd4 71. Bd6 Bc3 72. Bf4
Rb5+ 73. Ka2 Bd4 74. Bd6 Rb3 75. Bf4 Rb2+ 76. Ka1 Rb5+ 77. Ka2 g5 78. hxg5 Rb2+
79. Ka1 Rb3+ 80. Ka2 Rb2+ 81. Ka1 Rf2+ 82. Kb1 h4 83. d6 Rb2+ 84. Kc1 Rb8 85.
d7 Rd8 86. Rd6 Bf2 87. Rd3+ Ke4 88. Bc7 Kxd3 89. Bxd8 h3 90. Bc7 Be3+ 91. Kd1
Bxg5 92. g4 Bd8 93. Bd6 fxg4 94. Ke1 Ke3 95. Kf1 Kf3 96. Kg1 g3 97. Bb8 Bb6+
98. Kf1 g2+ 99. Ke1 g1=Q+ 100. Kd2 Qb1 101. Kc3 Ke2 102. Be5 Qb3# {
Hossa checkmated} 0-1

[Event "ICS rated blitz match"]
[Site "204.178.125.65"]
[Date "2000.12.06"]
[Round "?"]
[White "salzi"]
[Black "Hossa"]
[Result "0-1"]
[WhiteElo "2038"]
[BlackElo "2510"]
[PlyCount "30"]
[EventDate "2000.??.??"]

1. d4 d5 2. c4 e6 3. Nc3 c5 4. cxd5 exd5 5. Nf3 Nc6 6. Bf4 Nf6 7. e3 cxd4 8.
Nxd4 Bb4 9. Rc1 O-O 10. a3 Bxc3+ 11. Rxc3 Ne4 12. Rd3 Qa5+ 13. b4 Nxb4 14. axb4
Qxb4+ 15. Ke2 Nc3+ {salzi resigns} 0-1

[Event "ICS rated blitz match"]
[Site "204.178.125.65"]
[Date "2000.12.06"]
[Round "?"]
[White "Hossa"]
[Black "salzi"]
[Result "1-0"]
[WhiteElo "2512"]
[BlackElo "2036"]
[PlyCount "29"]
[EventDate "2000.??.??"]

1. e4 c5 2. Nf3 d6 3. d4 cxd4 4. Nxd4 Nf6 5. Nc3 a6 6. Be2 e5 7. Nb3 Be7 8. O-O
O-O 9. Be3 Nbd7 10. a4 b6 11. a5 Bb7 12. axb6 Nxb6 13. Na5 Bxe4 14. Nxe4 Nxe4
15. Nc6 {salzi resigns} 1-0

[Event "ICS rated blitz match"]
[Site "204.178.125.65"]
[Date "2000.12.06"]
[Round "?"]
[White "chesskeats"]
[Black "Hossa"]
[Result "0-1"]
[WhiteElo "1936"]
[BlackElo "2514"]
[PlyCount "43"]
[EventDate "2000.??.??"]

1. Nf3 Nf6 2. g3 g6 3. Bg2 Bg7 4. O-O d5 5. d4 O-O 6. c4 dxc4 7. Na3 Nc6 8.
Nxc4 Bf5 9. Ne3 Be4 10. Nc2 Qd7 11. e3 a6 12. Nd2 Bxg2 13. Kxg2 Rfd8 14. Qf3 b6
15. Ne4 Nxe4 16. Qxe4 e5 17. dxe5 Nxe5 18. Nd4 c5 19. Nf3 Nd3 20. Rd1 Nf4+ 21.
exf4 Qxd1 22. Bd2 {chesskeats resigns} 0-1